Adiós, paradoja; bienvenida, prescripción invariable /

Se reúnen en este texto artículos, entrevistas y descripciones de casos relativos a la teoría y metodología seguida por el equipo de investigación dirigido por Mara Selvini Palazzoli, más conocido cómo la escuela de Milán de terapia familiar sistémica.

Guardado en:
Detalles Bibliográficos
Autor principal: Simon, Richard (autor)
Formato: Libro
Idioma:Español
Publicado: Puebla, México : Benemérita Universidad Autónoma de Puebla, 1989, c1989
Colección:(Textos UAP)
Temas:
Etiquetas: Agrega una etiqueta
Sin etiquetas, Sé el primero en etiquetar este registro!

MARC

LEADER 00000nam^a2200000^a^4500
001 000054706
005 20250521000000.0
009 20260310090521.536
037 |a Acervo ITESO - Biblioteca 
041 |a ESP 
082 |a 616. 89156  |b SIM 
100 |a Simon, Richard  |e (autor) 
245 1 0 |a Adiós, paradoja; bienvenida, prescripción invariable /  |c R. Simon ; tr. por Gertrudis Payás Zenteno. 
264 4 |a Puebla, México :  |b Benemérita Universidad Autónoma de Puebla,  |c 1989, c1989 
300 |a 110 p. 
336 |a texto  |b txt  |2 rdacontenido 
337 |a sin mediación  |b n  |2 rdamedio 
338 |a volumen  |b nc  |2 rdasoporte 
440 1 |a (Textos UAP) 
520 |a Se reúnen en este texto artículos, entrevistas y descripciones de casos relativos a la teoría y metodología seguida por el equipo de investigación dirigido por Mara Selvini Palazzoli, más conocido cómo la escuela de Milán de terapia familiar sistémica. 
649 |a XX 
650 |a Escuela de Milán (Terapia Familiar) 
650 |a Terapia Familiar 
650 |a Terapia Sistémica 
650 |a Psicoterapia 
650 |a Psicología Clínica 
910 |a Fondo General 
920 |a Impresos - Libros 
930 |a Colección General 
905 |a 101 
901 |a 0500013582  |b IT1  |c ACC  |u 20250521 
902 |a https://opac.biblio.iteso.mx/vufind/Record/000054706